Metrics And Models In Software Quality Engineering (Record no. 304301)

MARC details
000 -LEADER
fixed length control field 00417nam a2200157Ia 4500
008 - FIXED-LENGTH DATA ELEMENTS--GENERAL INFORMATION
fixed length control field 230718s9999 xx 000 0 und d
041 ## - LANGUAGE CODE
Language code of text/sound track or separate title eng
082 ## - DEWEY DECIMAL CLASSIFICATION NUMBER
Classification number 005.14
Item number KAN
100 ## - MAIN ENTRY--PERSONAL NAME
Personal name Kan S.H.
9 (RLIN) 115992
245 ## - TITLE STATEMENT
Title Metrics And Models In Software Quality Engineering
260 ## - PUBLICATION, DISTRIBUTION, ETC. (IMPRINT)
Date of publication, distribution, etc. 2002
Name of publisher, distributor, etc. Pearson
300 ## - PHYSICAL DESCRIPTION
Extent 344
365 ## - TRADE PRICE
Currency code Rs.
Price amount 225.00
700 ## - ADDED ENTRY--PERSONAL NAME
Personal name Kan S.H.
9 (RLIN) 115992
906 ## - LOCAL DATA ELEMENT F, LDF (RLIN)
d B:1537608-Sep-2002
c COMP
b 33.75
Holdings
Withdrawn status Lost status Damaged status Not for loan Home library Current library Date acquired Vendor Budget Code Cost, normal purchase price Bill number Total Checkouts Full call number Barcode Date last seen Discount Cost, replacement price Bill Date Koha item type Original Barcode
        Cummins College of Engineering for Women Pune Cummins College of Engineering for Women Pune 11/09/2002 Pradeep Book Distributors COMP 191.25 15376   005.14 CCEP-BK-15508 18/07/2023 33.75 225.00 08/09/2002 Books 015508